Modern financial and investment planning

Bibliographic Details
Main Author: Valentine, Tom (Author)
Format: Book
Published: Frenchs Fores : Pearson/Prentice Hal , 2007
Subjects:

MARC

LEADER 00000cam a2200000 7i4500
001 0000057230
005 20230502093000.0
008 080522s2007 at eng
020 |a 073397144X (pbk) 
020 |a 9780733971440 (pbk) 
090 0 0 |a HG179.5   |b .V16 2007 
100 1 |a Valentine, Tom ,   |e author 
245 1 0 |a Modern financial and investment planning   |c Tom Valentine 
260 |a Frenchs Fores :   |b Pearson/Prentice Hal ,   |c 2007 
300 |a x, 461p :   |b ill. ;   |c 26cm. 
500 |a Includes index 
505 0 |a 1. The Financial Planning Profession -- 2. Saving, Financial Markets and Financial Institutions -- 3. Interest Rates and Debt Securities -- 4. Shares and Share Markets -- 5. The Good, the Bad and the Ugly -- 6. Managed Funds -- 7. Superannuantion and Retirement Planning -- 8. Social Security aspects of Financial Planning -- 9. Estate Planning and Asset Protection -- 10. Taxation Issues for Investors -- 11. Principles of Investment: Risk v Return -- 12. Derivatives in Investment Management -- 13. A Financial Plan. 
650 0 |a Investment analysis 
650 0 |a Investments, Australian 
650 0 |a Investment   |z Australia 
650 0 |a Stocks 
999 |a 1000120047   |b Book   |c OPEN SHELF (30 DAYS)   |e Gong Badak Campus